| 000 | 00506nmm a2200169Ia 4500 | ||
|---|---|---|---|
| 008 | 251105s9999||||xx |||||||||||||||||und|| | ||
| 020 | _a8497424751 | ||
| 041 | _aspa | ||
| 100 | _aBlas Zabaleta, Patricio de (Coord.) | ||
| 245 | 0 | _aLaicidad, educación y democrácia | |
| 264 |
_a[Madrid, España] : _bBiblioteca Nueva, _c2005 |
||
| 300 | _a253 páginas | ||
| 490 | _aBiblioteca de la nueva educación | ||
| 650 | _aEducation | ||
| 856 | _uhttps://public.digitaliapublishing.com/a/5261 | ||
| 942 | _cCF | ||
| 999 |
_c74199 _d74199 |
||